00232nam a2200085Ia 4500001000800000005001700008008004100025245005900066260002100125115332320250827011122.0250824s9999 xx 000 0 und d 0aGEÇECEK Mİ E5 8cGÖKHAN ÇINAR bDESTEK YAYINLARI